| 000 | 03045nam a22003854a 4500 | ||
|---|---|---|---|
| 001 | ebr10201028 | ||
| 003 | CaPaEBR | ||
| 006 | m u | ||
| 007 | cr cn||||||||| | ||
| 008 | 070109s2007 nyua sb 001 0 eng | ||
| 010 | _z 2007000535 | ||
| 015 |
_aGBA743547 _2bnb |
||
| 016 | 7 |
_z101296908 _2DNLM |
|
| 016 | 7 |
_z013761819 _2Uk |
|
| 020 | _z9781593854805 (hardcover : alk. paper) | ||
| 020 | _z1593854803 (hardcover : alk. paper) | ||
| 040 |
_aCaPaEBR _cCaPaEBR |
||
| 035 | _a(OCoLC)290492931 | ||
| 050 | 1 | 4 |
_aRC375 _b.T74 2007eb |
| 082 | 0 | 4 |
_a616.8/3 _222 |
| 245 | 0 | 0 |
_aTreating Tourette syndrome and tic disorders _h[electronic resource] : _ba guide for practitioners / _cedited by Douglas W. Woods, John C. Piacentini, John T. Walkup ; foreword by Peter Hollenbeck. |
| 260 |
_aNew York : _bGuilford Press, _cc2007. |
||
| 300 |
_axvi, 287 p. : _bill. |
||
| 504 | _aIncludes bibliographical references and index. | ||
| 505 | 0 | _aIntroduction to clinical management of Tourette syndrome / Douglas W. Woods, John C. Piacentini, and John T. Walkup -- Characteristics of Tourette syndrome / John C. Piacentini, Amanda J. Pearlman, and Tara S. Peris -- Assessment of tic disorders / Douglas W. Woods, John C. Piacentini, and Michael B. Himle -- Assessment of co-occuring psychiatric conditions in tic disorders / Lawrence Scahill, Denis G. Sukhodolsky, and Robert A. King -- Genetic and neurobiological bases for Tourette syndrome / Jana Leary, Tyler Reimschisel, and Harvey S. Singer -- Neurocognitive factors in Tourette syndrome / Susanna Chang -- Medical management of Tourette syndrome and co-occurring conditions / Joyce N. Harrison, Benjamin Schneider, and John T. Walkup -- Psychosocial management of tics and intentional repetitive behaviors associated with Tourette syndrome / Alan L. Peterson -- Psychosocial management of comorbid internalizing disorders in persons with Tourette syndrome / Ulrike Buhlmann ... [et al.] -- Disruptive behavior in persons with Tourette syndrome: phenomenology, assessment, and treatment / Denis G. Sukhodolsky and Lawrence Scahill -- Management of familial issues in persons with Tourette syndrome / Golda S. Ginsburg and Julie Newman Kingery -- Management of learning and school difficulties in children with Tourette syndrome / Hayden O. Kepley and Susan Conners -- Management of social and occupational difficulties in persons with Tourette syndrome / Douglas W. Woods, Brook A. Marcks, and Christopher A. Flessner. | |
| 533 |
_aElectronic reproduction. _bPalo Alto, Calif. : _cebrary, _d2013. _nAvailable via World Wide Web. _nAccess may be limited to ebrary affiliated libraries. |
||
| 650 | 0 |
_aTourette syndrome _xTreatment. |
|
| 650 | 0 |
_aTic disorders _xTreatment. |
|
| 655 | 7 |
_aElectronic books. _2local |
|
| 700 | 1 |
_aWoods, Douglas W., _d1971- |
|
| 700 | 1 | _aPiacentini, John. | |
| 700 | 1 | _aWalkup, John T. | |
| 710 | 2 | _aebrary, Inc. | |
| 856 | 4 | 0 |
_uhttp://site.ebrary.com/lib/rucke/Doc?id=10201028 _zAn electronic book accessible through the World Wide Web; click to view |
| 999 |
_c117993 _d117993 |
||